Trí tuệ Việt Nam - thông điệp từ những di sản= Vietnam's wisdom from cultural heritage
Gespeichert in:
| Format: | Buch |
|---|---|
| Sprache: | Undetermined |
| Schlagworte: | |
| Tags: |
Tag hinzufügen
Keine Tags, Fügen Sie den ersten Tag hinzu!
|
| Thư viện lưu trữ: | Trung tâm Học liệu Trường Đại học Cần Thơ |
|---|
| LEADER | 00593nam a2200169Ia 4500 | ||
|---|---|---|---|
| 001 | CTU_137553 | ||
| 008 | 210402s9999 xx 000 0 und d | ||
| 020 | |c 50000 | ||
| 082 | |a 306.4 | ||
| 082 | |b Tr300/P.1 | ||
| 245 | 0 | |a Trí tuệ Việt Nam - thông điệp từ những di sản= | |
| 245 | 0 | |b Vietnam's wisdom from cultural heritage | |
| 245 | 0 | |c Trung tâm hợp tác báo chí truyền thông quốc tế | |
| 650 | |a Vietnam,Việt Nam | ||
| 650 | |x Civilization,Văn minh | ||
| 904 | |i Tuyến | ||
| 980 | |a Trung tâm Học liệu Trường Đại học Cần Thơ | ||